000 00481cab a2200181 4500
001 WB2431-31
008 090401t1988 xxu||||| |||| 00| 0 eng d
035 _a(Sirsi) u2510
041 _aeng
245 _aWeighty decisions on the dotted line
260 _c1988
350 _a0
490 _aDaily Telegraph
_v30/7/88 p18
520 _aAsks how binding are contracts signed on residential property.
690 _aPROPERTY LAW AND PRACTICE
942 _n0
948 _c04/03/1997
999 _c1512
_d1512